FORESTRY education : new trends and prospects : seventeenth session of the FAO Advisory Committee on Forestry Education combined with regional expert consultation of the Asian Network on Forestry Education : Bangkok, Thailand, 13-15 December 1993

Bibliographic Details
Corporate Authors: Asian Network on Forestry Education, Food and Agriculture Organization of the United Nations (FAO)
Format: Book
Published: Rome : Food and Agriculture Organization of the United Nations , 1994
Series:FAO forestry paper, v. 123
Subjects:

MARC

LEADER 00000cam a2200000 7i4500
001 0000002484
005 20030701.0
020 0 0 |a 925103558X 
090 0 0 |a FAO634.907   |b FOR 1994 
245 0 0 |a FORESTRY education :   |b new trends and prospects : seventeenth session of the FAO Advisory Committee on Forestry Education combined with regional expert consultation of the Asian Network on Forestry Education : Bangkok, Thailand, 13-15 December 1993 
260 0 0 |a Rome :   |b Food and Agriculture Organization of the United Nations ,   |c 1994 
300 |a v, 305 p. :   |b ill. ;   |c 21 cm. 
440 0 0 |a FAO forestry paper, v. 123 
500 0 0 |a Includes bibliographical references 
650 0 0 |a Foresters   |x In-service training   |x Congresses 
650 0 0 |a Forestry schools and education   |x Congresses 
710 1 1 |a Asian Network on Forestry Education 
710 1 1 |a Food and Agriculture Organization of the United Nations (FAO) 
998 |a JPSM 
999 |a 000004641   |b Monograph   |c Food and Agriculture Organization   |e Default branch